000 01099nam0a22003011 4500
001 rc\3409179
005 20130115140246.9
021 _aRU
_b[69-5688]
035 _a(NLR Aleph) 007577184
090 _a5468923
_c5468923
100 _a20130115d1969 |||y0rusy50 ca
101 0 _arus
102 _aRU
105 _aa z |||a|
200 1 _aСуд скорый...
_eПовесть [О И.С. Якутове
_eДля сред. ст. школьного возраста
_fИл.: Э. Шагеев]
210 _aМосква
_cДет. лит.
_d1969
215 _a126 с.
_cил.
_d21
606 _aСуд в России (д. л.)
_2psbo
606 _aЖелезнодорожники в революции 1905-1907 гг. (д. л.)
_2psbo
606 _aКоммунисты (д. л.)
_2psbo
700 1 _aРутько
_bА. И.
_f1909-1988
_gАрсений Иванович
702 1 _aЯкутов
_bИ. С.
_gИван Степанович
_4570
702 1 _aШагеев
_bЭ.
_4440
801 0 _aRU
_bNLR
_gpsbo
801 1 _aRU
_bELAR
_2rusmarc
852 _aNLR
_j69-3/1640
942 _cBOOK
980 _aNB